| 000 | 00428nam a2200157 i 4500 | ||
|---|---|---|---|
| 001 | 39022 | ||
| 003 | ES-MaACL | ||
| 005 | 20230906155856.0 | ||
| 007 | t| | ||
| 008 | 030227q19201929sp ||||1| spa d | ||
| 100 | 1 |
_aCalzada, Emilio. _933937 |
|
| 245 | 1 | 3 |
_aLa Magdalena perdida de Tiziano _b: su hallazgo / _c[Emilio Calzada]. |
| 260 |
_a[Madrid] : _bCalpe, _c[192-?] |
||
| 300 |
_a16 p. : _bil. |
||
| 852 |
_aES-MaACL _j1668-F-4 |
||
| 999 |
_c39022 _d39022 |
||